Anita & the game of shadows / (Record no. 47759)

MARC details
000 -LEADER
fixed length control field 00399nam a22001457a 4500
005 - DATE AND TIME OF LATEST TRANSACTION
control field 20181119122533.0
020 ## - INTERNATIONAL STANDARD BOOK NUMBER
International Standard Book Number 81-7655-116-3
Terms of availability 80.00
035 ## - SYSTEM CONTROL NUMBER
System control number B-99510 B-99544 B-99543
082 ## - DEWEY DECIMAL CLASSIFICATION NUMBER
Classification number S-AGA
100 ## - MAIN ENTRY--PERSONAL NAME
Personal name Agarwal, Deepa
245 ## - TITLE STATEMENT
Title Anita & the game of shadows /
Statement of responsibility, etc by Deepa Agarwal
260 ## - PUBLICATION, DISTRIBUTION, ETC. (IMPRINT)
Place of publication, distribution, etc New Delhi
Name of publisher, distributor, etc Scholastic
Date of publication, distribution, etc 2005
300 ## - PHYSICAL DESCRIPTION
Extent 155p.
Other physical details 22cm. (pbk)
942 ## - ADDED ENTRY ELEMENTS (KOHA)
Source of classification or shelving scheme Dewey Decimal Classification
Item type Children Books
Classification part S-AGA
Holdings
Withdrawn status Lost status Not for loan Collection code Home library Current library Date acquired Cost, normal purchase price Full call number Barcode Copy number Cost, replacement price Koha item type
    Not For Loan Fiction Patel Nagar Patel Nagar 25/09/2010 80.00 S-AGA B-99510 1 80.00 Children Books
      Fiction R.C.Libraries (zls) R.C.Libraries (zls) 19/11/2018 80.00 S-AGA B-99544   80.00 Children Books
      Fiction R.C.Libraries (zls) R.C.Libraries (zls) 19/11/2018 80.00 S-AGA B-99543   80.00 Children Books

© Delhi Public Library
Hit Counter
free hit counter